Business and Competitive Analysis : Effective Application of New and Classic Methods /

Obra en la que se aborda cómo las personas en las organizaciones pueden manejar datos e información para una futura toma de decisiones. Incluye 24 métodos aplicados con los que se pude hacer un análisis competitivo de la propia empresa para ayudar a generar recomendaciones para las personas que toma...

Szczegółowa specyfikacja

Zapisane w:
Opis bibliograficzny
1. autor: Fleisher, Craig S. (autor)
Kolejni autorzy: Bensoussan, Babette E. (autor) (autor)
Format: Książka
Język:angielski
Wydane: Upper Saddle River, EUA : Financial Times, 2007, c2007
Hasła przedmiotowe:
Etykiety: Dodaj etykietę
Nie ma etykietki, Dołącz pierwszą etykiete!

MARC

LEADER 00000nam^a2200000^a^4500
001 000195453
005 20250521000000.0
009 20260310102753.112
020 |a 0-13-187366-0 
037 |a Acervo ITESO - Biblioteca 
041 |a ING 
082 |a 658. 4032  |b FLE 
100 |a Fleisher, Craig S.  |e (autor) 
245 1 0 |a Business and Competitive Analysis :  |b Effective Application of New and Classic Methods /  |c C.S. Fleisher, B.E. Bensoussan. 
264 4 |a Upper Saddle River, EUA :  |b Financial Times,  |c 2007, c2007 
300 |a XXXII, 491 p. 
336 |a texto  |b txt  |2 rdacontenido 
337 |a sin mediación  |b n  |2 rdamedio 
338 |a volumen  |b nc  |2 rdasoporte 
520 |a Obra en la que se aborda cómo las personas en las organizaciones pueden manejar datos e información para una futura toma de decisiones. Incluye 24 métodos aplicados con los que se pude hacer un análisis competitivo de la propia empresa para ayudar a generar recomendaciones para las personas que toman las decisiones. 
649 |a XX 
650 |a Espionaje en los Negocios -  |x Tema Principal 
650 |a Competencia (Economía) -  |x Tema Principal 
650 |a Información -  |x Administración 
650 |a Análisis de Sistemas -  |x Tema Principal 
650 |a Toma de Decisiones 
650 |a Proceso Administrativo -  |x Dirección 
650 |a Industria -  |x Administración 
650 |a Empresas -  |x Administración 
650 |a Empresas 
650 |a Administración -  |x Teoría 
650 |a Ciencias Administrativas 
700 |a Bensoussan, Babette E.  |e (autor) 
910 |a Fondo General 
920 |a Impresos - Libros 
930 |a Colección General 
905 |a 101 
901 |a 0500141360  |b IT1  |c ACC  |u 20250521 
902 |a https://opac.biblio.iteso.mx/vufind/Record/000195453